| 000 | 00000nam##2200000za#4500 |
| 001 | 9.697620 |
| 003 | CaOODSP |
| 005 | 20210624235549 |
| 007 | cr ||||||||||| |
| 008 | 150407|2001||||xxc|||||o f|0| 0 eng|d |
| 040 | |aCaOODSP|beng |
| 043 | |an-cn--- |
| 086 | 1 |aP4-53/2001E-PDF |
| 110 | 1 |aCanada. |bPublic Works and Government Services Canada. |
| 245 | 14|aThe environmentally responsible construction and renovation handbook |h[electronic resource] |
| 250 | |a2nd ed. |
| 260 | |aOttawa - Ontario : |bPublic Works and Government Services Canada |cc2001. |
| 300 | |a179p.|bfigs. |
| 590 | |a13-10-Supp|b2013-04-13 |
| 690 | 07|aIndigenous peoples|2gcpds |
| 690 | 07|aCommunity development|2gcpds |
| 690 | 07|aInuit|2gcpds |
| 690 | 07|aNorthern Canada|2gcpds |
| 690 | 07|aPlanning|2gcpds |
| 775 | 08|tGuide pour une construction et une rénovation respectueuses de l'environnement |w(CaOODSP)9.641653 |
| 856 | 40|ahttp://publications.gc.ca|qPDF|s2154 KB|uhttps://publications.gc.ca/collections/collection_2013/tpsgc-pwgsc/P4-53-2001-eng.pdf |